Central Library OPAC University of Rajshahi

The mighty and the shrewd Maharaja : (Record no. 26455)

MARC details
000 -LEADER
fixed length control field 00782cam a2200241u 4500
001 - CONTROL NUMBER
control field 26455
003 - CONTROL NUMBER IDENTIFIER
rucl marc code BD-RjUL
005 - DATE AND TIME OF LATEST TRANSACTION
control field 20211209051023.0
008 - FIXED-LENGTH DATA ELEMENTS--GENERAL INFORMATION
fixed length control field 140322s1960 ii b 001 0 eng
035 ## - SYSTEM CONTROL NUMBER
System control number (BD-RjUL)26525
040 ## - CATALOGING SOURCE
Original cataloging agency DLC
Transcribing agency CarP
Modifying agency DLC
-- BD-RjUL
Language of cataloging eng
041 ## - LANGUAGE CODE
Language code of text/sound track or separate title eng
082 ## - DEWEY DECIMAL CLASSIFICATION NUMBER
Classification number 954.07
Author mark and year SEM 1960
100 1# - MAIN ENTRY--PERSONAL NAME
Personal name Sethi, R. R.
9 (RLIN) 50222
245 14 - TITLE STATEMENT
Title The mighty and the shrewd Maharaja :
Remainder of title Ranjit Singh's relations with other powers /
Statement of responsibility, etc. R.R. Sethi
260 ## - PUBLICATION, DISTRIBUTION, ETC. (IMPRINT)
Place of publication, distribution, etc. Delhi :
Name of publisher, distributor, etc. S. Chand,
Date of publication, distribution, etc. 1960.
300 ## - PHYSICAL DESCRIPTION
Pagination 255 p. :
Illustrations maps. ;
Size 19 cm.
600 00 - SUBJECT ADDED ENTRY--PERSONAL NAME
Personal name Ranjit Singh,
Titles and other words associated with a name Maharaja of the Punjab,
Dates associated with a name 1780-1839. [from old catalog]
651 #0 - SUBJECT ADDED ENTRY--GEOGRAPHIC NAME
Geographic name India
General subdivision History
Chronological subdivision 19th century. [from old catalog]
9 (RLIN) 81346
942 ## - ADDED ENTRY ELEMENTS (KOHA)
Source of classification or shelving scheme Dewey Decimal Classification
Koha item type Books
Holdings
Lost status Source of classification or shelving scheme Damaged status Not for loan Collection code Permanent Location Current Location Shelving location Date acquired Source of acquisition Cost, normal purchase price Total Checkouts Full call number Date last seen Copy number Koha item type
  Dewey Decimal Classification   Added to bundle Non-fiction Central Library, University of Rajshahi Central Library, University of Rajshahi Reading Room 06/12/1967 Inded library 9.38   954.07 SEM 1960 22/03/2014 C-1 Books